<?xml version="1.0" encoding="UTF-8"?>
<collection xmlns="http://www.loc.gov/MARC21/slim">
  <record>
    <leader>00000nam  2200000   4500</leader>
    <controlfield tag="001">INLIS000000000000194</controlfield>
    <controlfield tag="005">20190418103945</controlfield>
    <datafield tag="035" ind1="#" ind2="#">
      <subfield code="a">0010-0718000194</subfield>
    </datafield>
    <controlfield tag="008">190418################g##########0#ind##</controlfield>
    <datafield tag="020" ind1="#" ind2="#">
      <subfield code="a">9789790995000</subfield>
    </datafield>
    <datafield tag="041" ind1=" " ind2=" ">
      <subfield code="a">id</subfield>
    </datafield>
    <datafield tag="082" ind1="#" ind2="#">
      <subfield code="a">300</subfield>
    </datafield>
    <datafield tag="090" ind1=" " ind2=" ">
      <subfield code="a">302.23 Bar p</subfield>
    </datafield>
    <datafield tag="100" ind1=" " ind2="#">
      <subfield code="a">Baran, Stanley J.</subfield>
    </datafield>
    <datafield tag="245" ind1="1" ind2="#">
      <subfield code="a">Pengantar komunikasi massa jilid 1 Edisi 5 : Melek media dan budaya /</subfield>
      <subfield code="c">Stanley J. Baran</subfield>
    </datafield>
    <datafield tag="250" ind1="#" ind2="#">
      <subfield code="a">Cet.1</subfield>
    </datafield>
    <datafield tag="260" ind1="#" ind2="#">
      <subfield code="a">Jakarta :</subfield>
      <subfield code="b">Peberbit Erlangga,</subfield>
      <subfield code="c">2012</subfield>
    </datafield>
    <datafield tag="300" ind1="#" ind2="#">
      <subfield code="a">xxx, 445 hlm. :</subfield>
      <subfield code="b">ilus ;</subfield>
      <subfield code="c">25 cm</subfield>
    </datafield>
    <datafield tag="650" ind1=" " ind2="#">
      <subfield code="a">Interaksi sosial - Komunikasi</subfield>
    </datafield>
    <datafield tag="084" ind1="#" ind2="#">
      <subfield code="a">300 Bar p</subfield>
    </datafield>
    <datafield tag="520" ind1="#" ind2="#">
      <subfield code="a">Buku ini mendorong mahasiswa untuk lebih berperan aktif sebagai konsumen media dan memberikan mahasiswa pemahaman yang lebih dalam mengenai peran yang dimainkan media, baik dalam membentuk  maupun merefleksikan budaya. Melalui perspektif kultural, mahasiswa belajar bahwa anggota khalayak memiliki peran yang sama besarnya dengan produsen media, teknologi, dan industri dapal proses komunikasi massa. Dibangun dengan penekanan yang terujiini, edisi kelima ini menampilkan bab baruyang digabungkan, yaitu 'Televisi, TV Kabel, dan Video Mobile", bab baru , yaitu "Perkembangan Proses Komunikasi Massa", upload teknologi terkini dan peraturan pemerintah, termasuk Patriot Act, pengaturan dari Mahkamah Agung mengenai aplikasi dari file sharing, yaitu P2P di Grokster, "netralitas internet", kepemilikan WiFi, matriks industri periklanan baru, seperti ROI, Bit Torrent, tampilan video berita, dan masih banyak lagi!</subfield>
    </datafield>
    <datafield tag="856" ind1="#" ind2="#">
      <subfield code="a">Perpustakaan Lembaga Administrasi Negara</subfield>
    </datafield>
    <datafield tag="990" ind1="#" ind2="#">
      <subfield code="a">141217200</subfield>
    </datafield>
    <datafield tag="990" ind1="#" ind2="#">
      <subfield code="a">141217199</subfield>
    </datafield>
    <datafield tag="990" ind1="#" ind2="#">
      <subfield code="a">141217199</subfield>
    </datafield>
    <datafield tag="990" ind1="#" ind2="#">
      <subfield code="a">141217200</subfield>
    </datafield>
    <datafield tag="990" ind1="#" ind2="#">
      <subfield code="a">141217200</subfield>
    </datafield>
    <datafield tag="990" ind1="#" ind2="#">
      <subfield code="a">141217199</subfield>
    </datafield>
  </record>
</collection>
